| 000 | 00607nam a2200193Ia 4500 | ||
|---|---|---|---|
| 003 | GCL | ||
| 008 | 140319s9999 xx 000 0 ara d | ||
| 040 |
_aGCL / _cGCL |
||
| 082 | 0 | 4 |
_a808.83 _bم ك |
| 100 | 1 | _aمحمد غلاب (مترجم) | |
| 245 | 1 | 0 |
_aكولوميا (هدية من الاديب عبدالفتاح الجمل) / _cمحمد غلاب (مترجم) |
| 700 | 1 | _aميريمية , بروسبير | |
| 300 | _a219 ص | ||
| 490 | _a | ||
| 650 | 0 | 4 | _aالادب |
| 650 | 0 | 4 | _aالادب الفرنسى المترجم |
| 650 | 0 | 4 | _aالادب العالمى المترجم |
| 942 |
_2ddc _cBK |
||
| 999 |
_c42293 _d42293 |
||